000 03604pam a2200409 a 4500
001 1054258
003 BJBSDDR
005 20250805172211.0
006 a|||||r|||| 00| 0
007 ta
008 900608s1991 enka rb 001 0 eng
010 _a 90040795
020 _a0415049512
020 _a9780415049511
040 _aDLC
_beng
_cDLC
_dDLC
041 _aeng
050 1 4 _aPN 1993.5
_bI59 1991
082 0 0 _a791.43/0947
245 0 0 _aInside the film factory :
_bnew approaches to Russian and Soviet cinema /
_cedited by Richard Taylor and Ian Christie.
260 _aLondon ;
_aNew York, NY :
_bRoutledge,
_c1991.
300 _axviii, 256 pages :
_billustrations ;
_c24 cm.
440 0 _aSoviet cinema
_943998
504 _aIncludes bibliographical references (pages [217]-247) and index.
505 0 _aIntroduction : entering the film factory / Richard Taylor and Ian Christie Early Russian cinema : some observations / Yuri Tsivian Kuleshov's experiments and the new anthropology of the actor / Mikhail Yampolsky Intolerance and the Soviets : a historical investigation ; The origins of Soviet cinema : a study in industry development / Vance Kepley, Jr Down to earth : Aelita relocated / Ian Christie The return of the native : Yakov Protazanov and Soviet cinema / Denise J. Youngblood A face to the shtetl : Soviet Yiddish cinema, 1924-36 / J. Hoberman A fickle man, or portrait of Boris Barnet as a Soviet director / Bernard Eisenschitz Interview with Alexander Medvedkin Making sense of early Soviet sound / Ian Christie Ideology as mass entertainment : Boris Shumyatsky and Soviet cinema in the 1930s / Richard Taylor
520 _aInside the Film Factory is a seminal collection of essays that offers fresh perspectives on Soviet cinema, informed by the new films and archival materials revealed during glasnost and perestroika. The contributors—film critics and historians from Britain, America, France, and the USSR—re-examine Soviet film history, challenging Cold War-era assumptions and highlighting previously overlooked aspects of Soviet cinematic culture. The book delves into the evolution of early Russian cinema, the innovative experiments of directors like Lev Kuleshov, and the development of Soviet film industry practices. It also explores the impact of Western cinema on Soviet filmmakers, the influence of Russian science fiction on filmmaking, and the long-suppressed history of Soviet Yiddish productions. Notably, it provides the first extended accounts in English of the careers of directors Yakov Protazanov and Boris Barnet, offering a more nuanced understanding of their contributions to Soviet cinema. By incorporating new perspectives and source material, Inside the Film Factory serves as a vital resource for scholars and enthusiasts seeking to understand the complexities and innovations of Soviet cinematic history.
650 0 _aMotion pictures
_zSoviet Union.
650 4 _aCine
_zUnión Soviética
_919
650 0 _aMotion pictures
_xPolitical aspects
_zSoviet Union.
650 4 _aCine
_xAspectos políticos
_zUnión Soviética
_911296
700 1 _aTaylor, Richard,
_d1946-
_942790
700 1 _aChristie, Ian,
_d1945-
_941445
856 4 2 _3Publisher description
_uhttp://www.loc.gov/catdir/enhancements/fy0909/90040795-d.html
906 _a7
_bcbc
_corignew
_d1
_eocip
_f19
_gy-gencatlg
942 _2lcc
_cBK
946 _iLLH
999 _c123914
_d123914